000 00586nam a22001577a 4500
003 OSt
005 20151206142250.0
008 151206b xxu||||| |||| 00| 0 eng d
040 _cRUA
082 _aATM ឈិត 1990 B188 Or.1
100 _94404
_aឈិត សំអាត
245 _aគំរោងគ្រឿងម៉ាស៊ីន សំរាប់ការដំាដុះ និងប្រមូលផលស្រូវ នៅក្នុងខេត្តព្រៃវែង
260 _aPhnom Penh
_bRUA
_c1990
300 _a120p.
_bill.
_c29cm.
942 _2ddc
_cATM
999 _c4105
_d4105